000 00919nam a2200229Ii 4500
003 JO-AjNU
008 230605s9999||||xx |||||||||||||| ||und||
017 _a2016/7/3036
020 _a978-9957-594-76-3
040 _aJO-AjNU
_bara
_erda
_cJO-AjNU
041 _aara
050 1 4 _aKBP567.K455.2017
100 3 _aالخالدي، نعمة خلف سليمان,
_eauthor
_956722
245 0 0 _aالإعفاءات المالية في الأحوال الشخصية والعقوبات " دراسة مقارنة "
250 _aط1
264 3 1 _aعمان: دار الجنان، 2017
300 _a219ص
_bيشتمل على قائمة المصادروالمراجع الببلوغرافية ص (197-216)
336 _atext
_btxt
_2rdacontent
337 _aunmediated
_bn
_2rdamedia
338 _avolume
_bnc
_2rdacarrier
650 4 _aالفقه الاسلامي -- الاحوال الشخصية -- العقوبات
_956723
999 _aA25377
_c28945
_d28945